000 00424nam a22001817a 4500
003 CEME
005 20210628202803.0
008 210118b xxu||||| |||| 00| 0 eng d
020 _a81-8128-328-7
040 _c.
082 _a514.3 KEL
100 _aKelley, John L
_961618
245 _aGeneral topology
260 _aNEW DELHI
_bSPRINGER
_c2005
300 _aXIV,297 P
650 _aTOPOLOGY
_98513
942 _cBK
_2ddc
999 _c571014
_d571014